Beers to Country Click Quiz - Statistics

General Stats
  • This quiz has been taken 45 times
  • The average score is 19 of 40
Answer Stats
Hint Answer % Correct
Dos Equis Mexico
74%
Warsteiner Germany
72%
Corona Mexico
72%
Pilsner Urquell Czech Republic
70%
Bitburger Germany
70%
Leffe Belgium
67%
Oranjeboom Netherlands
67%
Heineken Netherlands
67%
Coors USA
67%
Sol Mexico
65%
Samuel Adams USA
60%
Tennent's UK
58%
Duvel Belgium
56%
Staropramen Czech Republic
56%
Foster's Australia
53%
Becks Germany
53%
Broughton UK
53%
Sierra Nevada USA
51%
Budvar Czech Republic
49%
Hacker-Pschorr Germany
49%
Amstel Netherlands
47%
Westmalle Belgium
40%
Fuller's UK
40%
Anchor Steam USA
40%
Whitbread UK
37%
Bass UK
37%
Michelob USA
37%
Redhook USA
35%
Swan Australia
33%
Orval Belgium
30%
Grimbergen Belgium
30%
Diebels Germany
30%
Grolsch Netherlands
30%
Double Diamond UK
30%
Lindemans Belgium
28%
Castlemaine Australia
26%
Jever Germany
26%
Great Northern Australia
23%
Schlitz USA
23%
Samson Czech Republic
12%
No matching quizzes found
Score Distribution
Percent of People with Each Score
Percentile by Number Answered
Your Score History
You have not taken this quiz